000
00292pab a2200109 454500
008
180718b xxu||||| |||| 00| 0 eng d
100
_a
Mukherjee, Subrata
245
_a
Road to reform - how valid is the dependency theory?
650
_a
Economic Development
773
_a
Statesman
909
_a
21701
999
_c
21701
_d
21701